Statistics for All Time NHL Regular Season Goalscorers

Click here to take the quiz!

General Stats

  • This quiz has been taken 21 times
  • The average score is 12 of 16

Answer Stats

GoalsAnswer% Correct
894Wayne Gretzky
100%
741Brett Hull
95%
690Mario Lemieux
95%
801Gordie Howe
90%
766Jaromir Jagr
85%
694Mark Messier
80%
692Steve Yzerman
80%
625Joe Sakic
80%
717Phil Esposito
75%
731Marcel Dionne
70%
684Teemu Selanne
70%
625Jerome Iginla
60%
708Mike Gartner
55%
668Luke Robitaille
50%
656Brendan Shanahan
50%
640Dave Andreychuk
40%

Score Distribution

Percentile by Number Answered

Percent of People with Each Score

Your Score History

You have not taken this quiz